Unidad y pluralidad en el mundo antiguo (Record no. 46757)

MARC details
000 -LEADER
campo de control de longitud fija 00924nam a2200241 i 4500
001 - NÚMERO DE CONTROL
campo de control 46757
003 - IDENTIFICADOR DE NÚMERO DE CONTROL
campo de control ES-MaACL
005 - FECHA Y HORA DE LA ÚLTIMA TRANSACCIÓN
campo de control 20230906161437.0
007 - CAMPO FIJO DE DESCRIPCIÓN FÍSICA--INFORMACIÓN GENERAL
campo de control de longitud fija t|
008 - DATOS DE LONGITUD FIJA--INFORMACIÓN GENERAL
campo de control de longitud fija 030401s1983 sp ||||1| spa d
020 ## - NÚMERO INTERNACIONAL ESTÁNDAR DEL LIBRO
Número Internacional Estándar del Libro 84-249-0876-7
080 ## - NÚMERO DE LA CLASIFICACIÓN DECIMAL UNIVERSAL
Número de la Clasificación Decimal Universal 807:061.3(46)"1981"
080 ## - NÚMERO DE LA CLASIFICACIÓN DECIMAL UNIVERSAL
Número de la Clasificación Decimal Universal 008(37+38):061.3(46)"1981"
111 2# - ENTRADA PRINCIPAL--NOMBRE DE CONGRESO/REUNIÓN
Nombre de congreso/reunión o jurisdicción como elemento de entrada Congreso Español de Estudios Clásicos (
Número del congreso/reunión o número de parte o sección 6º.
Fecha del congreso o de la firma del tratado 1981.
Sede del congreso/Lugar de la reunión Sevilla)
9 (RLIN) 349
245 10 - MENCIÓN DEL TÍTULO
Título Unidad y pluralidad en el mundo antiguo
Resto del título : actas del VI Congreso Español de Estudios Clásicos (Sevilla, 6-11 de abril de 1981).
260 ## - PUBLICACIÓN, DISTRIBUCIÓN, ETC.
Lugar de publicación, distribución, etc. Madrid :
Nombre del editor, distribuidor, etc. Gredos,
Fecha de publicación, distribución, etc. [1983]
300 ## - DESCRIPCIÓN FÍSICA
Extensión 2 v. :
Otras características físicas il., map. ;
Dimensiones 24 cm.
594 ## - Nota al título y mención de responsabilidad
Nota al título y mención de responsabilidad Precede al tít.: Sociedad Española de Estudios Clásicos.
650 #4 - PUNTO DE ACCESO ADICIONAL DE MATERIA--TÉRMINO DE MATERIA
Término de materia o nombre geográfico como elemento de entrada Filosofía-
Subdivisión de forma Congresos y asambleas.
9 (RLIN) 171268
650 #4 - PUNTO DE ACCESO ADICIONAL DE MATERIA--TÉRMINO DE MATERIA
Término de materia o nombre geográfico como elemento de entrada Civilización-
Subdivisión de forma Congresos y asambleas.
9 (RLIN) 171269
710 2# - ENTRADA AGREGADA--NOMBRE DE ENTIDAD CORPORATIVA
Nombre de entidad corporativa o nombre de jurisdicción como elemento de entrada Sociedad Española de Estudios Clásicos.
9 (RLIN) 6720
852 ## - LOCALIZACIÓN
Ubicación ES-MaACL
Número de control de estantería L-4782-83
Holdings
Estatus retirado Estado de pérdida Estado de daño No para préstamo Biblioteca de origen Biblioteca actual Ubicación en estantería Fecha de adquisición Fuente de adquisición Total de préstamos Signatura topográfica completa Código de barras Visto por última vez Precio de reemplazo Tipo de ítem Koha
        Biblioteca del Ateneo de Madrid Biblioteca del Ateneo de Madrid Depósito 2 17/01/2008     L-4782-83 1049179 23/02/2023 23/02/2023 Libro impreso